Normal view MARC view
  • Kishimoto Masashi-Vol-1

Entry Personal Name

Number of records used in: 1

001 - CONTROL NUMBER

  • control field: 7663

003 - CONTROL NUMBER IDENTIFIER

  • control field: OSt

005 - DATE AND TIME OF LATEST TRANSACTION

  • control field: 20230403140121.0

008 - FIXED-LENGTH DATA ELEMENTS

  • fixed length control field: 230403|| aca||aabn | a|a d

040 ## - CATALOGING SOURCE

  • Original cataloging agency: OSt
  • Transcribing agency: OSt

100 ## - HEADING--PERSONAL NAME

  • Personal name: Kishimoto Masashi-Vol-1

670 ## - SOURCE DATA FOUND

  • Source citation: Work cat.: (OSt)12238: Kishimoto Masashi-Vol-1, Naruto-1, 2021

Powered by Koha